000
00335pab a2200145 454500
008
180718b88-9 xxu||||| |||| 00| 0 eng d
100
_a
Allen, Jodie T.
245
_a
The first 100 days
260
_c
88-9
300
_a
44-6
362
_a
Winter
650
_a
Public Administration - U.S.A.
773
_a
Bureaucrat
909
_a
16917
999
_c
16917
_d
16917